000 00705nam a2200241 i 4500
001 bg
100 1 _aWIŚNIEWSKI, Jerzy
245 1 0 _aOchrona przyrody /
_cJerzy Wiśniewski, Dariusz J. Gwiazdowicz.
260 _aPoznań :
_bWydaw. Akademii Rolniczej im. Augusta Cieszkowskiego,
_c2004.
300 _a457, [1] s. :
_bil. ;
_c24 cm.
500 _aStreszcz. ang.
504 _aBibliogr. - Indeks.
650 9 _aPrzyroda
_xochrona
655 _aPodręczniki akademickie
700 1 _aGWIAZDOWICZ, Dariusz J.
020 _a8371603657
040 _cBPK
041 0 _apol
_beng
080 _a502.3/.7(075.8)
920 _a83-7160-365-7
942 _cKS
008 s pl f |000 0 pol
999 _c45344
_d45344
856 _uhttp://koha.tu.koszalin.pl/cgi-bin/koha/opac-detail.pl?biblionumber=45344
_yKatalog online BPK